000 00397 a2200109 4500
245 _aFamous adventures of Mr. Magoo
650 _aliterature
005 20191021095630.0
260 _axx
_c1964
084 _aCGA 5775 (ref print)
300 _a1 reel : sd., col.
_b 35 mm. ref print.
_c1 reel : sd., col. ; 35 mm. ref print.
500 _aa Henry G. Saperstein Production by UPA Pictures, Inc. ; supervising director: Abe Levitow.
999 _c12481
_d12481